Recombinant Biocatalysis for Industrial Applications

Gespeichert in:
Bibliographische Detailangaben
1. Verfasser: Gyuranová, Dominika (Verfasst von)
Weitere Verfasser: Rebroš, Martin (Betreuung Doktorarbeit)
Format: Manuskript Buch
Sprache:Slowakisch
Englisch
Veröffentlicht: 2022
Schlagworte:
Online-Zugang:http://is.stuba.sk/zp/portal_zp.pl?podrobnosti=152516
Tags: Tag hinzufügen
Keine Tags, Fügen Sie das erste Tag hinzu!

MARC

LEADER 00000ntm a22000003a 4500
001 stuzp71278
003 SK-STU
005 20220827210331.3
007 ta
008 150427s2015----xo-----f-mn---000-0-slo-d
040 |a STU  |b slo 
041 0 |a eng 
100 1 |a Gyuranová, Dominika  |u 044000  |4 aut  |U FCHPT Fakulta chemickej a potravinárskej technológie  |T FCHPT Ústav biotechnológie  |X 63680  |U C4000  |Y 102  |7 63680 
242 0 1 |a Využitie rekombinantnej biokatalýzy v priemysle  |y slo 
245 1 0 |a Recombinant Biocatalysis for Industrial Applications 
260 |c 2022 
650 4 |a Escherichia coli  |2 slo 
650 4 |a odpadový glycerol  |2 slo 
650 4 |a styrén monoxygenáza  |2 slo 
650 4 |a chirálne epoxidy  |2 slo 
650 4 |a glukozidhydroláza  |2 slo 
650 4 |a bionafta  |2 slo 
650 4 |a chiral epoxides  |2 eng 
650 4 |a glucoside hydrolase  |2 eng 
650 4 |a biodiesel  |2 eng 
650 4 |a Escherichia coli  |2 eng 
650 4 |a crude glycerol  |2 eng 
650 4 |a styrene monooxygenase  |2 eng 
700 1 |a Rebroš, Martin  |u 044000  |k Z1  |4 ths  |U FCHPT Fakulta chemickej a potravinárskej technológie  |T FCHPT Ústav biotechnológie  |X 4015  |U C4000  |Y 102  |7 A000004015 
856 4 |u http://is.stuba.sk/zp/portal_zp.pl?podrobnosti=152516